000 00370nam a22001457a 4500
008 250709b |||||||| |||| 00| 0 eng d
020 _a9788121924535
050 _aQD 415
_b.J35
100 _aJain J.L
245 _aFundamentals of Biochemistry
260 _aNew Delhi
_bSchand & Company Limited
_c2017
300 _a1615p.
650 _aBiochemistry
942 _cBK
999 _c4188
_d4188